Music Quiz

Random Music or Artist Quiz

Grammy Alternative Albums Quiz Stats

 Plays Quiz Updated Mar 15, 2021

Support Sporcle.
Go Orange.
Score 0/31 Timer 08:00
0 Plays Today
Year Album % Correct
1995Dookie
72.1%
1998OK Computer
64.5%
2001Kid A
53.7%
2017Blackstar
53%
2009In Rainbows
52.1%
2004Elephant
49.9%
1997Odelay
49%
2002Parachutes
48.9%
2003A Rush of Blood to the Head
48.4%
1996MTV Unplugged in New York
39.4%
2008Icky Thump
35.4%
2012Bon Iver
34.1%
2021Fetch the Bolt Cutters
31.6%
2015St. Vincent
29.2%
2006Get Behind Me Satan
26.8%
2007St. Elsewhere
26.2%
Year Album % Correct
1992Out of Time
25.2%
1994Zooropa
24.1%
2020Father of the Bride
23.9%
2014Modern Vampires of the City
23.1%
2019Colors
21.5%
1999Hello Nasty
20.1%
2016Sound & Color
18.4%
2013Making Mirrors
16.5%
2005A Ghost Is Born
14.4%
2010Wolfgang Amadeus Phoenix
14.3%
2000Mutations
12.8%
2018Sleep Well Beast
12.7%
1991I Do Not Want What I Haven't Got
12%
2011Brothers
10%
1993Bone Machine
9%

From the Vault

Symbol Cryptogram: MLB Teams

by goc3

Sports 10m
Are these easier to crack than the other teams' signals?
Remove Ads.
Support Sporcle.
Get the best of Sporcle when you Go Orange. This ad-free experience offers more features, more stats, and more fun while also helping to support Sporcle. Thank you for becoming a member.

Show Comments

Extras

Top Quizzes Today


Score Distribution

Your Account Isn't Verified!

In order to create a playlist on Sporcle, you need to verify the email address you used during registration. Go to your Sporcle Settings to finish the process.

Report this User

Report this user for behavior that violates our Community Guidelines.

Details: